Verifying of Beta convergence for south east countries of Asia

Verifikácia Beta convergencie metódou najmenších štvorcov. Výskum bol robený na 9 krajinách juhovýhodnej Ázie za roky 2000-2015. Hypotéza - HDP na obyvateľa rastie rýchlejšie v menej rozvinutých ekonomikách.

Salvato in:
Dettagli Bibliografici
Autore principale: Blaško, Michaela
Altri autori: Husna Leila Yusran
Natura: Capitolo di libro
Lingua:inglese
Soggetti:
Tags: Aggiungi Tag
Nessun Tag, puoi essere il primo ad aggiungerne!!

MARC

LEADER 00000nla a2200000 4500
001 0227474
005 20240502083611.9
041 0 |a eng 
044 |a ID 
245 1 0 |a Verifying of Beta convergence for south east countries of Asia  |c Michaela Blaško 1991-, Husna Leila Yusran 
520 |a Verifikácia Beta convergencie metódou najmenších štvorcov. Výskum bol robený na 9 krajinách juhovýhodnej Ázie za roky 2000-2015. Hypotéza - HDP na obyvateľa rastie rýchlejšie v menej rozvinutých ekonomikách. 
610 2 0 |a konvergencia 
610 2 0 |a juhovýchodná Ázia 
610 2 0 |a produkt domáci hrubý 
610 2 0 |a vývoj hospodársky 
100 1 |a Blaško, Michaela 
700 1 |a Husna Leila Yusran